Integrated pest management: a catalogue of training... (Record no. 47134)

MARC details
000 -LEADER
fixed length control field 00505nam a2200145 a 4500
008 - FIXED-LENGTH DATA ELEMENTS--GENERAL INFORMATION
fixed length control field 120416s1969 ||||||||||||||||| || u
020 ## - INTERNATIONAL STANDARD BOOK NUMBER
International Standard Book Number 9072620011
050 ## - LIBRARY OF CONGRESS CALL NUMBER
Classification number SB 951 Ale
100 ## - MAIN ENTRY--PERSONAL NAME
Personal name Alebeek, F. A. N. Van
245 10 - TITLE STATEMENT
Title Integrated pest management: a catalogue of training...
260 ## - PUBLICATION, DISTRIBUTION, ETC.
Place of publication, distribution, etc. Ede, The Netherlands
Name of publisher, distributor, etc. CTA
Date of publication, distribution, etc. 1969
300 ## - PHYSICAL DESCRIPTION
Extent xii, 305p.
350 ## - PRICE (NR) (BK AM CF MU VM SE) [OBSOLETE]
Price 0.00
995 ## - RECOMMENDATION 995 [LOCAL, UNIMARC FRANCE]
-- 0.00
-- CBU-MAIN LIBRARY (Kitwe)
-- 1
-- 12.00
-- 1
-- REFERENCE
-- Reference Collection
Holdings
Withdrawn status Lost status Source of classification or shelving scheme Damaged status Not for loan Home library Current library Shelving location Date acquired Total Checkouts Full call number Barcode Date last seen Price effective from Koha item type
          CBU-MAIN LIBRARY, KITWE. CBU-MAIN LIBRARY, KITWE.   11/30/2022   SB 951 Ale 023182 11/30/2022 11/30/2022 MONOGRAPH